000 01276aam a2200337 i 4500
001 768714001
003 CO-MdFUSB
005 20240414062617.0
007 ta
008 220204t1968 sp |||| |||| 00| 0 spa d
020 _a[No incluye ISBN]
040 _bspa.
_aCO-MdFUSB
_cCO-MdFUSB
_dCO-MdFUSBC
_erda
041 _aspa
082 0 4 _a238
_223
_bS3343d
100 1 _aSchillebeeckx, Edward (1914-)
_eautor
240 _aDieu et l`homme
245 1 0 _aDios y el hombre :
_bensayos teológicos
_c/ Edward Schillebeeckx ; traducido por Alfonso Ortiz García
250 _atercera edición
264 1 _aSalamanca, España :
_bEdiciones Sígueme,
_c[1968]
264 4 _c© 1968
300 _a362 páginas
_c; 19 cm
336 _atexto
_btxt
_2rdacontent
337 _2rdamedia
_asin mediación
_bn
338 _2rdacarrier
_avolumen
_bnc
505 _aDios en revisión. -- En busca del Dios vivo. -- El humanismo no religioso y la fe en Dios. -- Vivir en Dios, vivir en el mundo. -- Diálogo con Dios y secularidad cristiana. -- La providencia de Dios. -- El amor de Dios y la regla moral de la obra humana.
563 _aRústico
650 0 _aVida espiritual
_951
700 _aOrtiz García, Alfonso
_etraductor
_96068
942 _cBK
945 _aJTF-925
999 _c35211
_d35211